| 000 | 00940nam a22003017a 4500 | ||
|---|---|---|---|
| 001 | BR9213323 | ||
| 003 | BR-BrBNA | ||
| 005 | 20230928095107.0 | ||
| 007 | ta | ||
| 008 | 230509b bl.||||| |||| 00| 0 por d | ||
| 040 |
_aBR-BrBNA _bpor _cBiblioteca Nacional de Agricultura |
||
| 041 | _a(Por) | ||
| 072 |
_aQ02 _b9230 |
||
| 090 | _ 9230 BR9213323 | ||
| 100 | 1 | _aNazato, R.E.S. | |
| 110 | 1 |
_aCentro de Energia Nuclear na Agricultura, Piracicaba, SP (Brasil) _0Tese (Mestre em Ciencias) |
|
| 245 | 1 | _aUso de radiacao gama do cobalto-60 para aumentar a vida de prateleira de paes de forma fatiados e embalados | |
| 260 | 3 |
_aPiracicaba, SP (Brasil): _c1991. |
|
| 300 | _a78 p. | ||
| 500 | _a16 illus.; 13 tables; 26 ref.; Summaries (Eng, Por) | ||
| 650 | _aPao | ||
| 650 | _aPreservacao de Alimento | ||
| 650 | _aEmbalagem | ||
| 650 | _aRaio Gama | ||
| 650 | _aCobalto | ||
| 909 |
_a202309 _bLucia _c55 _dLucia Elande |
||
| 942 | _cBK | ||
| 999 |
_c54478 _d54478 |
||